Business research methods / (Record no. 21351)

MARC details
000 -LEADER
fixed length control field 00552nam a22001937a 4500
003 - CONTROL NUMBER IDENTIFIER
control field OSt
008 - FIXED-LENGTH DATA ELEMENTS--GENERAL INFORMATION
fixed length control field 260220b2012 |||||||| |||| 00| 0 eng d
020 ## - INTERNATIONAL STANDARD BOOK NUMBER
International Standard Book Number 9781259005039
082 ## - DEWEY DECIMAL CLASSIFICATION NUMBER
Classification number 658.4031
Item number GUP-B
100 ## - MAIN ENTRY--PERSONAL NAME
Personal name Gupta, S. L.
245 ## - TITLE STATEMENT
Title Business research methods /
Statement of responsibility, etc S.L. Gupta, Hitesh Gupta
260 ## - PUBLICATION, DISTRIBUTION, ETC. (IMPRINT)
Place of publication, distribution, etc Chennai :
Name of publisher, distributor, etc McGraw Hill Education,
Date of publication, distribution, etc 2012.
300 ## - PHYSICAL DESCRIPTION
Extent / Pages xix, 440 p. ;
650 ## - SUBJECT ADDED ENTRY--TOPICAL TERM
Topical term or geographic name as entry element Management - Research
650 ## - SUBJECT ADDED ENTRY--TOPICAL TERM
Topical term or geographic name as entry element Business - Research - Methodology
650 ## - SUBJECT ADDED ENTRY--TOPICAL TERM
Topical term or geographic name as entry element Business - Research
700 ## - ADDED ENTRY--PERSONAL NAME
Personal name Gupta, Hitesh
942 ## - ADDED ENTRY ELEMENTS (KOHA)
Source of classification or shelving scheme
Koha item type Reference Books
Holdings
Withdrawn status Lost status Source of classification or shelving scheme Damaged status Not for loan Home library Current library Date acquired Source of acquisition Currency Cost, normal purchase price Full call number Barcode Date last seen Copy number Bill Date Koha item type Bill Number
          SOBD Library SOBD Library 17/02/2026 All Inida Book House INR 725.00 658.4031 GUP-B1 007036 20/02/2026 1 17/02/2026 Reference Books NA/IN/1928
          SOBD Library SOBD Library 17/02/2026 All Inida Book House INR 725.00 658.4031 GUP-B2 007037 20/02/2026 2 17/02/2026 Books NA/IN/1928
          SOBD Library SOBD Library 17/02/2026 All Inida Book House INR 725.00 658.4031 GUP-B3 007038 20/02/2026 3 17/02/2026 Books NA/IN/1928
          SOBD Library SOBD Library 17/02/2026 All Inida Book House INR 725.00 658.4031 GUP-B4 007039 20/02/2026 4 17/02/2026 Books NA/IN/1928
          SOBD Library SOBD Library 17/02/2026 All Inida Book House INR 725.00 658.4031 GUP-B5 007040 20/02/2026 5 17/02/2026 Books NA/IN/1928
          SOBD Library SOBD Library 17/02/2026 All Inida Book House INR 725.00 658.4031 GUP-B6 007041 20/02/2026 6 17/02/2026 Books NA/IN/1928
          SOBD Library SOBD Library 17/02/2026 All Inida Book House INR 725.00 658.4031 GUP-B7 007042 20/02/2026 7 17/02/2026 Books NA/IN/1928
          SOBD Library SOBD Library 17/02/2026 All Inida Book House INR 725.00 658.4031 GUP-B8 007043 20/02/2026 8 17/02/2026 Books NA/IN/1928
          SOBD Library SOBD Library 17/02/2026 All Inida Book House INR 725.00 658.4031 GUP-B9 007044 20/02/2026 9 17/02/2026 Books NA/IN/1928
          SOBD Library SOBD Library 17/02/2026 All Inida Book House INR 725.00 658.4031 GUP-B10 007045 20/02/2026 10 17/02/2026 Books NA/IN/1928
Hosted, Implemented, Customized & Maintained by: BestBookBuddies

Powered by Koha